The emigrants

Αποθηκεύτηκε σε:
Λεπτομέρειες βιβλιογραφικής εγγραφής
Κύριος συγγραφέας: Moberg, Vilhelm
Μορφή: Βιβλίο
Γλώσσα:Undetermined
Έκδοση: New York Penguin books 1951
Ετικέτες: Προσθήκη ετικέτας
Δεν υπάρχουν, Καταχωρήστε ετικέτα πρώτοι!
Thư viện lưu trữ: Trung tâm Học liệu Trường Đại học Cần Thơ
LEADER 00474nam a2200169Ia 4500
001 CTU_77859
008 210402s9999 xx 000 0 und d
082 |a 839.73 
082 |b M687 
100 |a Moberg, Vilhelm 
245 4 |a The emigrants 
245 0 |c Vilhelm Moberg ; Translated from the Swedish by Gustaf Lannestock 
260 |a New York 
260 |b Penguin books 
260 |c 1951 
904 |i Vương 
980 |a Trung tâm Học liệu Trường Đại học Cần Thơ